Biodiversity in India- Volume- 7 (Record no. 14490)
[ view plain ]
| 000 -LEADER | |
|---|---|
| fixed length control field | 00398nam a22001457a 4500 |
| 020 ## - INTERNATIONAL STANDARD BOOK NUMBER | |
| ISBN | 9788189233921 |
| 082 ## - DEWEY DECIMAL CLASSIFICATION NUMBER | |
| Classification number | 578.0954 |
| Item number | PUL/BI |
| 245 ## - TITLE STATEMENT | |
| Title | Biodiversity in India- Volume- 7 |
| 260 ## - PUBLICATION, DISTRIBUTION, ETC. (IMPRINT) | |
| Place of publication | New Delhi |
| Name of publisher | Astral International Pvt. Ltd. |
| Year of publication | 2014 |
| 300 ## - PHYSICAL DESCRIPTION | |
| Number of Pages | 433 |
| Other physical details | Coloured Plates -2-66 |
| 700 ## - ADDED ENTRY--PERSONAL NAME | |
| Personal name | Pullaiah,T. |
| 700 ## - ADDED ENTRY--PERSONAL NAME | |
| Personal name | Karuppusamy,S |
| 700 ## - ADDED ENTRY--PERSONAL NAME | |
| Personal name | Sandhya Rani,S. |
| 942 ## - ADDED ENTRY ELEMENTS (KOHA) | |
| Koha item type | Books |
| Withdrawn status | Lost status | Damaged status | Collection code | Home library | Current library | Shelving location | Date acquired | Source of acquisition | Cost, normal purchase price | Full call number | Accession Number | Koha item type |
|---|---|---|---|---|---|---|---|---|---|---|---|---|
| KAUAET | KAUAET | General Stacks | 08/07/2016 | Arunima Book Distributors,TVPM | 2795.00 | 578.0954 PUL/BI | 24806 | Books |
